| 000 | 01121cab a2200241 4500 | ||
|---|---|---|---|
| 001 | WB2316-13 | ||
| 008 | 090401t1987 xxu||||| |||| 00| 0 eng d | ||
| 035 | _a(Sirsi) u63953 | ||
| 041 | _aeng | ||
| 245 | _aMersey Docks | ||
| 260 | _c1987 | ||
| 350 | _a0 | ||
| 490 |
_aChartered Surveyor Weekly _v19(4) 23/4/87 p71-73(3) |
||
| 520 | _aIn Mersey Docks and Harbour Co v Mersey Development Corporation , LT 20 March 1987, a compensation claim for £3m made by Mersey Docks for dockland acquired by Liverpool Development Corporation, was partly rejected by the Lands Tribunal, which resulted in just over £1m being awarded. | ||
| 650 | _aMANAGEMENT-DISPUTE AVOIDANCE, MANAGEMENT AND RESOLUTION-DISPUTE MANAGEMENT AND RESOLUTION-ARBITRATION | ||
| 650 | _aLAND COMPENSATION ACT 1961 | ||
| 650 | _aLOCAL GOVERNMENT PLANNING AND LAND ACT 1980 | ||
| 650 | _aPOINTE GOURDE QUARRYING AND TRANSPORT CO LTD V CROWN LANDS SUPERINTENDENT | ||
| 650 | _aVALUATION METHODS | ||
| 690 | _aENVIRONMENTAL AND LAND CONSULTANCY-PLANNING AND DEVELOPMENT-COMPULSORY PURCHASE AND COMPENSATION | ||
| 942 | _n0 | ||
| 948 | _c04/03/1997 | ||
| 999 |
_c39797 _d39797 |
||